Normal view
MARC view
- Obesidad en niños
Entry Materia
001 - NÚMERO DE CONTROL DEL REGISTRO
- campo de control: 59290
003 - IDENTIFICADOR DE NUMERO DE CONTROL
- campo de control: MX-MxUPN
005 - FECHA Y HORA DE LA ÚLTIMA TRANSACCIÓN
- campo de control: 20260416154359.0
008 - DATOS DE LONGITUD FIJA
- campo de control de longitud fija: 260416nn fnnnnbaba n ana d
040 ## - FUENTE DE LA CATALOGACIÓN
- Centro catalogador de origen: MX-MxUPN
- Lengua de catalogación: spa
150 ## - ENCABEZAMIENTO - TEMÁTICO
- Término de materia o nombre geográfico como elemento inicial: Obesidad en niños
- Subdivisión de materia general: Prevención
670 ## - FUENTE EN LA QUE SE LOCALIZARON DATOS
- Cita de la fuente: Autoridades BGTQ, 16 abril 2026 :
- Información localizada: (Obesidad en niños -- Prevención)
902 ## - CATALOGADOR
- Catalogador: VíctorGodínez/160426
